| 000 | 00414nam a22001217a 4500 | ||
|---|---|---|---|
| 008 | 230626b xxu||||| |||| 00| 0 eng d | ||
| 082 |
_a332.82 _bKIM |
||
| 100 | _cProf.J.H Kimura | ||
| 245 |
_aInterest rates in Kenya _bReport of a joint IPAR/ICPAK seminar Held at Safari Park Hotel, Nairobi on 3rd April 1997 |
||
| 260 |
_aNairobi _bInstitute of policy Analysis and research _c1997 |
||
| 300 | _a46p | ||
| 942 |
_2ddc _cBK |
||
| 999 |
_c2705 _d2705 |
||